Statistiques concernant Drapeaux du monde - Difficile

Cliquez ici pour prendre le quiz!

Statistiques générales

  • Ce quiz a été pris 662 fois
  • Le résultat moyen est 10 sur 15

Statistiques - réponses

Réponse% Correct
Barbade
90%
Cap Vert
81%
Tonga
77%
Belize
73%
Kiribati
72%
Guyana
70%
Grenade
69%
Kazakhstan
68%
Liechtenstein
68%
Samoa
67%
Dominique
66%
Eswatini
65%
Nauru
64%
Kirghizistan
61%
Marshall
51%

Distribution des résultats

Percentile par nombre de réponses

% des personnes avec chaque résultat

Votre développement - résultats

Vous n’avez pas pris ce quiz